000 00476nam a2200181Ia 4500
008 151202s9999||||xx |||||||||||||| ||und||
082 _bPNVM-10562
100 _aGALSWORTHY JOHN.
245 _a"A MODERN COMEDY, THE SILVER SPOON."
260 _b---
260 _c0
300 _a210
600 _aGALSWORTHY JOHN.
630 _a"A MODERN COMEDY, THE SILVER SPOON."
700 _aGALSWORTHY JOHN.
730 _a"A MODERN COMEDY, THE SILVER SPOON."
942 _cBOOK
999 _c1276549
_d1276546